000
00198 a2200097 4500
001
28304
100
_a
Woodman, D
245
_a
Himalayan Frrontiers
260
_a
_b
Barrie
_c
090
_c
18913
_d
18913
942
_a
NUST-CAE
_c
M
_c
9906
999
_c
263377
_d
263377